Evarist Galua,revoľucioner i matematik
Na minha lista:
| Autor principal: | |
|---|---|
| Formato: | Livro |
| Idioma: | russo |
| Publicado em: |
Moskva :
Nauka,
1984
|
| Edição: | 2.izd. |
| Tags: |
Sem tags, seja o primeiro a adicionar uma tag!
|
MARC
| LEADER | 00000nam a22000003a 4500 | ||
|---|---|---|---|
| 001 | stu125485 | ||
| 005 | 20150617225856.8 | ||
| 008 | 060905s1984----xxr-----------------rus-d | ||
| 040 | |a STU |b slo | ||
| 041 | 0 | |a rus | |
| 044 | |a xxr | ||
| 080 | |a 51(092) |7 stu_us_auth*stu10336 | ||
| 100 | 1 | |a Dalmas, André |4 aut | |
| 245 | 1 | |a Evarist Galua,revoľucioner i matematik | |
| 250 | |a 2.izd. | ||
| 260 | |a Moskva : |b Nauka, |c 1984 | ||
| 300 | |a 109 s | ||
| 996 | |b E56432 |c E*56432 |l EE03 |s P |a 0 |w stu125485_0001 | ||